Un interesante expediente arquitectonico del siglo VIII (Registro nro. 10138)

000 -CABECERA
campo de control de longitud fija 01085nam a2200361Ia 4500
001 - NÚMERO DE CONTROL
campo de control 12492
008 - DATOS DE LONGITUD FIJA--INFORMACIÓN GENERAL
campo de control de longitud fija 191123s9999 xx 000 0 und d
041 ## - CÓDIGO DE LENGUA
Código de lengua del texto/banda sonora o título independiente spa
100 ## - ENTRADA PRINCIPAL--NOMBRE DE PERSONA
Nombre de persona Buschiazzo, Mario J.,
245 #0 - MENCIÓN DE TÍTULO
Título Un interesante expediente arquitectonico del siglo VIII
260 ## - PUBLICACIÓN, DISTRIBUCIÓN, ETC.
Lugar de publicación, distribución, etc. [S.l.] :
Nombre del editor, distribuidor, etc. [s.n.],
Fecha de publicación, distribución, etc. 1948.
300 ## - DESCRIPCIÓN FÍSICA
Extensión pp. 49-54
Otras características físicas ilustrado blanco y negro
310 ## - PERIODICIDAD ACTUAL
Periodicidad actual anual
490 #0 - MENCIÓN DE SERIE
Mención de serie Anales del Instituto de Arte Americano e Investigaciones Esteticas
500 ## - NOTA GENERAL
Nota general Contiene planos de corte de la iglesia San Felipe Neri e imágenes.
504 ## - NOTA DE BIBLIOGRAFÍA, ETC.
Nota de bibliografía, etc. notas p. 54
550 ## - NOTA DE ENTIDAD RESPONSABLE
Nota de entidad responsable ilustrado blanco y negro
650 ## - PUNTO DE ACCESO ADICIONAL DE MATERIA--TÉRMINO DE MATERIA
Término de materia o nombre geográfico como elemento de entrada ARQUITECTURA COLONIAL
650 ## - PUNTO DE ACCESO ADICIONAL DE MATERIA--TÉRMINO DE MATERIA
Término de materia o nombre geográfico como elemento de entrada ARQUITECTURA RELIGIOSA
650 ## - PUNTO DE ACCESO ADICIONAL DE MATERIA--TÉRMINO DE MATERIA
Término de materia o nombre geográfico como elemento de entrada FACHADAS
650 ## - PUNTO DE ACCESO ADICIONAL DE MATERIA--TÉRMINO DE MATERIA
Término de materia o nombre geográfico como elemento de entrada SUCRE. BOLIVIA
650 ## - PUNTO DE ACCESO ADICIONAL DE MATERIA--TÉRMINO DE MATERIA
Término de materia o nombre geográfico como elemento de entrada TEMPLO SAN FELIPE NERI. SUCRE. BOLIVIA
710 ## - PUNTO DE ACCESO ADICIONAL--NOMBRE DE ENTIDAD CORPORATIVA
Nombre de entidad corporativa o nombre de jurisdicción como elemento de entrada Universidad de Buenos Aires. Facultad de Arquitectura y Urbanismo
902 ## - ELEMENTOS DE DATOS B LOCAL, LDB (RLIN)
a A
903 ## - ELEMENTOS DE DATOS C LOCAL, LDC (RLIN)
a s
904 ## - ELEMENTOS DE DATOS D LOCAL, LDD (RLIN)
a as
907 ## - ELEMENTOS DE DATOS G LOCAL, LDG (RLIN)
a impreso
911 ## - EQUIVALENCIA O REFERENCIA-CRUZADA-NOMBRE DE CONFERENCIA O REUNIÓN/CONGRESO [LOCAL, CANADÁ]
Nombre de congreso/reunión o jurisdicción como elemento de entrada ilustrado blanco y negro
912 ## -
-- 1948
920 ## -
-- n. 1
942 ## - ELEMENTOS DE PUNTO DE ACCESO ADICIONAL (KOHA)
Tipo de ítem Koha Revista
Existencias
Estado de retiro Estado de pérdida Estado dañado No para préstamo Localización permanente Ubicación/localización actual Fecha de adquisición Signatura topográfica completa Fecha visto por última vez Precio válido a partir de Tipo de ítem Koha
        Biblioteca Horacio Butler Biblioteca Horacio Butler 2019-11-23 HEMEROTECA 2019-11-23 2019-11-23 Revista

Con tecnología Koha